000 00310nam a2200133Ia 4500
008 240112s1969 JAN-JUNE xx 000 0 und d
041 _aeng
082 _a617.05
100 _aMARTIN L.W.
245 _aARCHIVES OF SURGERY
260 _bA.M.A
_c1969 JAN-JUNE
300 _a826,HB
_c1
440 _v98
999 _c1141687
_d1141687